Indian rivers (Record no. 498455)

000 -LEADER
fixed length control field 00356cam a22001097a 4500
008 - FIXED-LENGTH DATA ELEMENTS--GENERAL INFORMATION
fixed length control field 180718b xxu||||| |||| 00| 0 eng d
082 ## - DEWEY DECIMAL CLASSIFICATION NUMBER
Classification number V432x54
245 ## - TITLE STATEMENT
Title Indian rivers
Statement of responsibility, etc. by Ministry of Information & Broadcasting, India
260 ## - PUBLICATION, DISTRIBUTION, ETC.
Place of publication, distribution, etc. Delhi
Name of publisher, distributor, etc. Ministry of Information & Broadcasting
Date of publication, distribution, etc.
300 ## - PHYSICAL DESCRIPTION
Extent 26p.
700 ## - ADDED ENTRY--PERSONAL NAME
Personal name India. Ministry of Information & Broadcasting
Holdings
Withdrawn status Lost status Damaged status Not for loan Permanent Location Current Location Date acquired Full call number Barcode Date last seen Price effective from Koha item type
        Indian Institute of Public Administration Indian Institute of Public Administration 2018-08-04 V432x54 GR1752 2018-08-04 2018-08-04 GR

Powered by Koha